[Event "POL-ch U16 Girls"]
[Site "Szklarska Poreba"]
[Date "2016.03.19"]
[Round "8"]
[White "Ossolinska, Matylda"]
[Black "Parol, Pola"]
[Result "0-1"]
[WhiteElo "1613"]
[BlackElo "1893"]
[PlyCount "139"]
[EventDate "2016.03.13"]
[EventType "swiss"]
[EventRounds "9"]
[EventCountry "POL"]
[SourceTitle "EXT 2018"]
[Source "ChessBase"]
[SourceDate "2017.10.13"]
[SourceVersion "1"]
[SourceVersionDate "2017.10.13"]
[SourceQuality "1"]

1. e4 c6 2. d4 d5 3. Nc3 dxe4 4. Nxe4 Bf5 5. Ng3 Bg6 6. Nh3 Nf6 7. Nf4 e5 8. Nxg6 hxg6 9. dxe5 Qa5+ 10. Bd2 Qxe5+ 11. Qe2 Bd6 12. Bc3 Qxe2+ 13. Bxe2 Nbd7 14. 0-0-0 Bc5 15. f3 Nb6 16. Bd4 Bxd4 17. Rxd4 Nbd5 18. c4 c5 19. Rxd5 Nxd5 20. cxd5 0-0-0 21. Bc4 Rh4 22. b3 a6 23. a4 b5 24. axb5 axb5 25. Bxb5 Rxd5 26. Bc4 Rg5 27. Ne4 Rxg2 28. Bxf7 Rf4 29. Bd5 Kc7 30. Nc3 Kb6 31. Be4 Rf7 32. h4 Ra7 33. Na4+ Kb5 34. Bc2 Kb4 35. h5 gxh5 36. Rxh5 g5 37. Rh1 Re7 38. Rd1 Ree2 39. Bd3 Ra2 40. Bb1 Raf2 41. Bd3 Rh2 42. Be4 c4 43. bxc4 Kxa4 44. c5 Kb5 45. c6 Kb6 46. Rd4 Re2 47. Rd7 Re1+ 48. Rd1 Ree2 49. Rd7 Ra2 50. Kb1 Rhb2+ 51. Kc1 Rf2 52. Kb1 Rae2 53. Kc1 Re1+ 54. Rd1 Re3 55. Bd5 Kc7 56. Rd2 Rxd2 57. Kxd2 Re5 58. Bf7 Kxc6 59. Bh5 Kd5 60. Kd3 Re7 61. Bg6 Ke5 62. Bh5 Kf4 63. Kd2 Re3 64. Bg4 Rxf3 65. Bxf3 Kxf3 66. Ke1 Kg2 67. Ke2 g4 68. Ke3 g3 69. Ke2 Kh2 70. Kf1 0-1

[Event "Mazowiec-chT 1516"]
[Site "Poland"]
[Date "2016.02.21"]
[Round "6.14"]
[White "Parol, Pola"]
[Black "Ossolinska, Matylda"]
[Result "1-0"]
[WhiteElo "1860"]
[BlackElo "1587"]
[PlyCount "45"]
[EventDate "2015.12.13"]
[EventType "team-tourn"]
[EventRounds "7"]
[EventCountry "POL"]
[SourceTitle "EXT 2019"]
[Source "ChessBase"]
[SourceDate "2018.10.10"]
[SourceVersion "1"]
[SourceVersionDate "2018.10.10"]
[SourceQuality "1"]
[WhiteTeam "Minsk Mazowiecki MTSz"]
[BlackTeam "Warszawa Polonia"]
[WhiteTeamCountry "POL"]
[BlackTeamCountry "POL"]

1. e4 e6 2. d4 d5 3. Nc3 dxe4 4. Nxe4 Nd7 5. Nf3 Ngf6 6. Bd3 Nxe4 7. Bxe4 Nf6 8. Bd3 Be7 9. 0-0 0-0 10. Qe2 c5 11. c3 Qc7 12. Bg5 b6 13. dxc5 Bxc5 14. Bxf6 gxf6 15. Nd4 f5 16. Rfe1 Qf4 17. Qh5 Bxd4 18. cxd4 Qxd4 19. Re3 Kh8 20. Rc1 Qf4 21. Rc4 e5 22. Rxf4 exf4 23. Rh3 1-0

[Event "Mazowiec-chT 1516"]
[Site "Poland"]
[Date "2016.01.10"]
[Round "3.3"]
[White "Kosny, Marek"]
[Black "Ossolinska, Matylda"]
[Result "1-0"]
[WhiteElo "1912"]
[BlackElo "1587"]
[PlyCount "88"]
[EventDate "2015.12.13"]
[EventType "team-tourn"]
[EventRounds "7"]
[EventCountry "POL"]
[SourceTitle "EXT 2019"]
[Source "ChessBase"]
[SourceDate "2018.10.10"]
[SourceVersion "1"]
[SourceVersionDate "2018.10.10"]
[SourceQuality "1"]
[WhiteTeam "Zielonka Zieloni II"]
[BlackTeam "Warszawa Polonia"]
[WhiteTeamCountry "POL"]
[BlackTeamCountry "POL"]

1. Nf3 Nf6 2. c4 c5 3. Nc3 Nc6 4. g3 g6 5. Bg2 Bg7 6. 0-0 0-0 7. d4 cxd4 8. Nxd4 a6 9. Nc2 Qb6 10. Rb1 Ne5 11. b3 d6 12. Be3 Qc7 13. Na4 Bf5 14. Rc1 Rae8 15. Nb4 Qb8 16. f3 Nc6 17. Qd2 Nd7 18. Nd5 Nde5 19. Rfd1 h5 20. Bf2 Kh7 21. e4 Bc8 22. Nab6 Bh6 23. Be3 Bxe3+ 24. Qxe3 f5 25. h3 e6 26. Nxc8 Qxc8 27. Nb6 Qc7 28. f4 Nf7 29. c5 dxc5 30. Qxc5 Rd8 31. exf5 exf5 32. Rd5 Nd6 33. Re5 Nf7 34. Re6 Rfe8 35. Nd5 Rxd5 36. Qxd5 Qb6+ 37. Kh2 Rd8 38. Rexc6 bxc6 39. Qxf7+ Kh8 40. Rxc6 Qd4 41. Rc7 Qg1+ 42. Kxg1 Rd1+ 43. Kh2 Rh1+ 44. Bxh1 h4 1-0

[Event "Mazowiec-chT 1516"]
[Site "Poland"]
[Date "2016.01.10"]
[Round "2.3"]
[White "Ossolinska, Matylda"]
[Black "Szymczak, Rafal"]
[Result "1/2-1/2"]
[WhiteElo "1587"]
[BlackElo "2037"]
[PlyCount "62"]
[EventDate "2015.12.13"]
[EventType "team-tourn"]
[EventRounds "7"]
[EventCountry "POL"]
[SourceTitle "EXT 2019"]
[Source "ChessBase"]
[SourceDate "2018.10.10"]
[SourceVersion "1"]
[SourceVersionDate "2018.10.10"]
[SourceQuality "1"]
[WhiteTeam "Warszawa Polonia"]
[BlackTeam "Skoczek Trojanski"]
[WhiteTeamCountry "POL"]
[BlackTeamCountry "POL"]

1. e4 c6 2. d4 d5 3. e5 Bf5 4. h4 h6 5. g4 Bd7 6. Bd3 c5 7. dxc5 Qa5+ 8. c3 Qxc5 9. Be3 Qc7 10. f4 e6 11. Nf3 Bc5 12. Nd4 Ne7 13. Qe2 a6 14. Nd2 Bb6 15. Qf2 Bxd4 16. Bxd4 Bc6 17. Bb6 Qc8 18. 0-0 Nd7 19. Be3 Qc7 20. Nb3 a5 21. g5 g6 22. Rfd1 Ba4 23. Rac1 b5 24. Re1 Bxb3 25. axb3 0-0 26. Red1 Qb7 27. Bd4 Nc6 28. Be3 Ne7 29. Bd4 Nc6 30. Be3 Ne7 31. Bd4 Nc6 1/2-1/2

[Event "POL-ch U14 Girls"]
[Site "Suwalki"]
[Date "2015.04.12"]
[Round "7"]
[White "Szelag, Zuzanna"]
[Black "Ossolinska, Matylda"]
[Result "1/2-1/2"]
[WhiteElo "1635"]
[BlackElo "1329"]
[PlyCount "80"]
[EventDate "2015.04.08"]
[EventType "swiss"]
[EventRounds "9"]
[EventCountry "POL"]
[SourceTitle "EXT 2017"]
[Source "ChessBase"]
[SourceDate "2016.10.25"]
[SourceVersion "1"]
[SourceVersionDate "2016.10.25"]
[SourceQuality "1"]

1. e4 e6 2. d4 d5 3. Nc3 dxe4 4. Nxe4 Nd7 5. g3 Ngf6 6. Nxf6+ Nxf6 7. Bg2 c5 8. Ne2 Qc7 9. 0-0 Be7 10. Nc3 Bd7 11. Bf4 Qb6 12. d5 0-0 13. Re1 Rfe8 14. d6 Bf8 15. Qd3 Rad8 16. Rad1 a6 17. Bg5 h6 18. Bxf6 gxf6 19. b3 Bg7 20. Ne4 f5 21. Nd2 Bb5 22. c4 Bc6 23. Bxc6 Qxc6 24. Nf3 Bf8 25. d7 Re7 26. Ne5 Qc7 27. Qe3 Bg7 28. Qf4 Bxe5 29. Rxe5 Rdxd7 30. Rde1 Kg7 31. Qe3 b6 32. h4 Rd4 33. Rxf5 exf5 34. Qxe7 Qxe7 35. Rxe7 Rd6 36. Ra7 a5 37. Rb7 Kg6 38. Kg2 Kf6 39. Kf3 Rd3+ 40. Ke2 Rd6 1/2-1/2

[Event "POL-ch U14 Girls"]
[Site "Suwalki"]
[Date "2015.04.11"]
[Round "5"]
[White "Ossolinska, Matylda"]
[Black "Kucharska, Honorata"]
[Result "1/2-1/2"]
[WhiteElo "1329"]
[BlackElo "1829"]
[PlyCount "80"]
[EventDate "2015.04.08"]
[EventType "swiss"]
[EventRounds "9"]
[EventCountry "POL"]
[SourceTitle "EXT 2017"]
[Source "ChessBase"]
[SourceDate "2016.10.25"]
[SourceVersion "1"]
[SourceVersionDate "2016.10.25"]
[SourceQuality "1"]

1. d4 d5 2. c4 e6 3. Nc3 Be7 4. Nf3 Nf6 5. Bg5 0-0 6. e3 b6 7. Bd3 Bb7 8. 0-0 Ne4 9. Bxe7 Qxe7 10. Qe2 Nd7 11. Rac1 c5 12. cxd5 exd5 13. Ba6 Bc6 14. Bb5 Bxb5 15. Qxb5 Nxc3 16. bxc3 Rfc8 17. a4 a6 18. Qb2 c4 19. Qc2 Rcb8 20. Rb1 h6 21. Rb4 b5 22. Rfb1 bxa4 23. Qxa4 Rxb4 24. Rxb4 Rb8 25. Rxb8+ Nxb8 26. Qa5 Qb7 27. Qd8+ Kh7 28. h3 Nd7 29. Qe7 f6 30. Nh4 Qb1+ 31. Kh2 Nb6 32. Qb7 a5 33. g4 Qf1 34. Nf5 Qxf2+ 35. Kh1 Qf1+ 36. Kh2 Qf2+ 37. Kh1 Qf1+ 38. Kh2 Qf2+ 39. Kh1 Qf1+ 40. Kh2 Qf2+ 1/2-1/2

[Event "POL-ch U14 Girls"]
[Site "Suwalki"]
[Date "2015.04.10"]
[Round "4"]
[White "Zamarska, Sylwia"]
[Black "Ossolinska, Matylda"]
[Result "1/2-1/2"]
[WhiteElo "1568"]
[BlackElo "1329"]
[PlyCount "114"]
[EventDate "2015.04.08"]
[EventType "swiss"]
[EventRounds "9"]
[EventCountry "POL"]
[SourceTitle "EXT 2017"]
[Source "ChessBase"]
[SourceDate "2016.10.25"]
[SourceVersion "1"]
[SourceVersionDate "2016.10.25"]
[SourceQuality "1"]

1. d4 d5 2. c4 c6 3. Nf3 Nf6 4. Bf4 e6 5. e3 Nbd7 6. Nc3 Be7 7. Bd3 dxc4 8. Bxc4 b5 9. Bd3 Bb7 10. 0-0 Nh5 11. Be5 Nxe5 12. Nxe5 Nf6 13. Ne4 0-0 14. Qc2 Nd5 15. Nxc6 Bxc6 16. Qxc6 Nb4 17. Qc3 Rc8 18. Qd2 Nxd3 19. Qxd3 Qb6 20. Rfc1 Rfd8 21. Rc2 Rc6 22. Rac1 Rdc8 23. Nd2 a6 24. Rxc6 Rxc6 25. Rxc6 Qxc6 26. Qc3 Qxc3 27. bxc3 Kf8 28. Kf1 Ke8 29. Ke2 Kd7 30. Kd3 Kc6 31. Nb3 h6 32. c4 bxc4+ 33. Kxc4 g6 34. e4 Ba3 35. d5+ exd5+ 36. exd5+ Kd6 37. Na5 h5 38. Nc6 Bc5 39. f3 Bg1 40. h3 Bf2 41. Nb4 a5 42. Nc6 Be1 43. Nd8 f6 44. Ne6 Bg3 45. Nf8 g5 46. Ne6 Be5 47. Ng7 h4 48. Nf5+ Kd7 49. Kc5 Bc3 50. Nd4 Bb4+ 51. Kc4 Kd6 52. a3 Be1 53. Nb3 f5 54. Nd4 Ke5 55. Nb5 Bf2 56. Nc3 Kd6 57. Ne2 Be1 1/2-1/2

[Event "POL-ch U14 Girls"]
[Site "Suwalki"]
[Date "2015.04.09"]
[Round "2"]
[White "Swiech, Joanna"]
[Black "Ossolinska, Matylda"]
[Result "1/2-1/2"]
[WhiteElo "1701"]
[BlackElo "1329"]
[PlyCount "92"]
[EventDate "2015.04.08"]
[EventType "swiss"]
[EventRounds "9"]
[EventCountry "POL"]
[SourceTitle "EXT 2017"]
[Source "ChessBase"]
[SourceDate "2016.10.25"]
[SourceVersion "1"]
[SourceVersionDate "2016.10.25"]
[SourceQuality "1"]

1. d4 d5 2. f4 Nf6 3. Nf3 e6 4. e3 c5 5. c3 Nc6 6. Bd3 Be7 7. 0-0 Bd7 8. Ne5 Qb6 9. Kh1 Rf8 10. Nd2 0-0-0 11. b3 g6 12. a4 Ng8 13. Ba3 f6 14. Nxc6 Qxc6 15. Re1 cxd4 16. Bxe7 Nxe7 17. cxd4 Qb6 18. Qb1 Qb4 19. Qb2 Kb8 20. Rec1 Rc8 21. Rxc8+ Rxc8 22. a5 a6 23. h3 Rc3 24. Qb1 Nf5 25. Bxf5 gxf5 26. Qg1 Rc2 27. Nf3 Qxb3 28. Rb1 Qc3 29. Qd1 Bb5 30. Ne1 Re2 31. Nf3 Qxe3 32. Ng1 Rd2 33. Qf3 Qxd4 34. Qg3 Qf2 35. Qg8+ Ka7 36. Nf3 Rc2 37. Rg1 Qe3 38. Qd8 Rc1 39. Rxc1 Qxc1+ 40. Ng1 Qc6 41. Qxf6 Qd7 42. Qd4+ Kb8 43. Nf3 Qc7 44. Qh8+ Ka7 45. Qd4+ Kb8 46. Qh8+ Ka7 1/2-1/2

[Event "POL Olympiad U14 Girls"]
[Site "Spala"]
[Date "2014.12.30"]
[Round "8.19"]
[White "Gil, Oliwia"]
[Black "Ossolinska, Matylda"]
[Result "0-1"]
[WhiteElo "1316"]
[BlackElo "1426"]
[PlyCount "84"]
[EventDate "2014.04.06"]
[EventType "swiss"]
[EventRounds "9"]
[EventCountry "POL"]
[SourceTitle "EXT 2023"]
[Source "ChessBase"]
[SourceDate "2022.10.05"]
[SourceVersion "1"]
[SourceVersionDate "2022.10.05"]
[SourceQuality "1"]

1. e4 d6 2. d4 Nf6 3. Nc3 e5 4. Nf3 Nbd7 5. Bc4 Be7 6. 0-0 0-0 7. a4 c6 8. Ba2 h6 9. h3 Qc7 10. Be3 a5 11. Re1 Re8 12. Qd2 Bf8 13. Rad1 Nb6 14. Qc1 Nbd7 15. Rd2 Rb8 16. Nh4 Nb6 17. Qd1 Be6 18. Bxe6 Rxe6 19. b3 exd4 20. Bxd4 Rbe8 21. f3 Nbd5 22. Nf5 Nxc3 23. Bxc3 Nd5 24. Bd4 g6 25. Ng3 Bg7 26. Bxg7 Kxg7 27. Rde2 Nf4 28. Re3 Qb6 29. Kh1 d5 30. Qa1+ Kg8 31. Qc1 d4 32. R3e2 Nxe2 33. Rxe2 Kg7 34. Qd2 Qb4 35. Qd1 c5 36. Rd2 Qb6 37. Ne2 Qc7 38. Rd3 f5 39. Rd2 fxe4 40. fxe4 Rxe4 41. Ng1 Re1 42. Qf3 Rf8 0-1

[Event "POL-chT U19 45th"]
[Site "Maslow Pierwszy"]
[Date "2014.07.30"]
[Round "6"]
[White "Sliwicka, Alicja"]
[Black "Ossolinska, Matylda"]
[Result "1-0"]
[WhiteElo "1850"]
[BlackElo "1412"]
[PlyCount "127"]
[EventDate "2014.07.25"]
[EventType "team-tourn"]
[EventRounds "9"]
[EventCountry "POL"]
[SourceTitle "EXT 2015"]
[Source "ChessBase"]
[SourceDate "2014.11.20"]
[SourceVersion "1"]
[SourceVersionDate "2014.11.20"]
[SourceQuality "1"]
[WhiteTeam "Katowice Hetman Szopienice U19"]
[BlackTeam "Warszawa Gulermak Polonia U19"]
[WhiteTeamCountry "POL"]
[BlackTeamCountry "POL"]

1. e4 e6 2. d4 d5 3. Nc3 dxe4 4. Nxe4 Nd7 5. g3 Ngf6 6. Nxf6+ Nxf6 7. Bg2 Bd6 8. Nf3 0-0 9. 0-0 Bd7 10. Ne5 Rb8 11. Re1 Bxe5 12. dxe5 Ne8 13. Be3 b6 14. Qd3 Ba4 15. Qc3 c5 16. Rad1 Qc7 17. Rd2 Rd8 18. Rxd8 Qxd8 19. Be4 Qd7 20. Bf3 Nc7 21. Rd1 Nd5 22. Qd2 Rd8 23. b3 Bc6 24. Bg5 f6 25. exf6 gxf6 26. Bxd5 Qxd5 27. Qxd5 Rxd5 28. Rxd5 Bxd5 29. Bxf6 c4 30. b4 b5 31. c3 Kf7 32. Bd4 a6 33. f4 Kg6 34. Kf2 Kf5 35. Ke3 h5 36. Be5 Kg4 37. Kd4 Bg2 38. Kc5 Bf3 39. Kb6 Kh3 40. Kxa6 Bc6 41. Kb6 Be8 42. Kc7 Kg4 43. Kd6 Bf7 44. Ke7 Bg8 45. Kf6 Bh7 46. Kxe6 Bf5+ 47. Kd6 Bg6 48. Kc5 Be8 49. Bd6 Bd7 50. Kd4 Kf5 51. Kd5 Be8 52. Be5 Bd7 53. Kd4 Be8 54. a4 bxa4 55. Kxc4 Bf7+ 56. Kb5 a3 57. c4 Ke6 58. Kb6 Kd7 59. c5 Kc8 60. b5 a2 61. Ka7 Bd5 62. b6 Bb7 63. f5 Bd5 64. f6 1-0

[Event "POL Olympiad U12 Girls"]
[Site "Walbrzych"]
[Date "2013.??.??"]
[Round "5.11"]
[White "Dwilewicz, Agata"]
[Black "Ossolinska, Matylda"]
[Result "1/2-1/2"]
[WhiteElo "1519"]
[BlackElo "1343"]
[PlyCount "113"]
[EventDate "2013.04.??"]
[EventType "team-swiss"]
[EventRounds "9"]
[EventCountry "POL"]
[SourceTitle "EXT 2015"]
[Source "ChessBase"]
[SourceDate "2014.11.20"]
[SourceVersion "1"]
[SourceVersionDate "2014.11.20"]
[SourceQuality "1"]

1. e4 e6 2. d4 d5 3. Nd2 dxe4 4. Nxe4 Nd7 5. Nf3 Ngf6 6. Nxf6+ Nxf6 7. Bd3 c5 8. dxc5 Bxc5 9. 0-0 0-0 10. Qe2 Qc7 11. Bg5 a6 12. Bxf6 gxf6 13. Qe4 f5 14. Qh4 Qe7 15. Qh5 Qf6 16. Rfe1 b5 17. Ne5 Bd4 18. Qf3 Ra7 19. Qf4 Bxb2 20. Rab1 Bxe5 21. Rxe5 Kh8 22. Rbe1 Rg8 23. R1e3 Rg4 24. Qf3 Bb7 25. Qh3 Ra8 26. g3 Rag8 27. Kf1 h6 28. f4 Kh7 29. Be2 R4g7 30. Bf3 Bxf3 31. Rxf3 Qe7 32. Qxf5+ Kh8 33. Qe4 Rg4 34. Rd3 Rd8 35. Rxd8+ Qxd8 36. Qd3 Qxd3+ 37. cxd3 Rg8 38. Rc5 Rd8 39. Ke2 Rd6 40. Kd2 Kg7 41. Kc3 f6 42. a3 Kf7 43. Rc7+ Kg6 44. g4 h5 45. h3 hxg4 46. hxg4 e5 47. f5+ Kh6 48. Re7 Rc6+ 49. Kd2 Rd6 50. Ke3 Rd4 51. Re6 Kg5 52. Rxa6 Rxg4 53. Ra5 Kxf5 54. Rxb5 Ra4 55. Rb3 Kg5 56. Kf3 Kf5 57. Rc3 1/2-1/2